• 首页
  • 本馆介绍
  • 公告通知
  • 最新文献
  • 馆藏检索
  • 电子资源
  • 读者导购
  • 参考咨询
  • 我的图书馆
  • 登录
  • 详细信息显示
  • 放入我的书架
  • 预约/预借图书
  • 作者相关作品
  • 分类相关作品
  • 丛书相关作品
  • 出版社相关作品

书目信息

  • 表格格式
  • 工作单格式
  • 卡片格式
题名:
翻盘
    
 
作者: 特纳 著 ;于晓宇 译
分册:  
出版信息: 北京   机械工业出版社  2018
页数: 25,222页
开本: 25cm
丛书名:
单 册:
中图分类: F279.12
科图分类:
主题词: 创业--案例--世界
电子资源:
ISBN: 978-7-111-59886-2
000 01150nam0 2200253 450
001 012001004869
005 20140928162350.0
010    @a978-7-111-59886-2@dCNY59.00
100    @a20180714d2018 em y0chiy50 ea
101 1  @achi@ceng
102    @aCN@b110000
105    @ay z 000yy
106    @ar
200 1  @a翻盘@9fan pan@e全球163位创业者从失败走向成功的七步法@dThe successful mistake@ehow 163 of the world's greatest entrepreneurs transform failure into success@f(英)马修·特纳(Matthew Turner)著@g于晓宇等译@zeng
210    @a北京@c机械工业出版社@d2018
215    @a25,222页@d25cm
330    @a本书通过对全球不同行业的163位创业权威人士的采访,讲述了他们如何由失败走向成功的故事,最终发现了那些成功人士是如何战胜失败和逆境的,他们不仅要确保失败和逆境不会毁掉他们的生活,而且还要从中产生伟大的想法。
510 1  @aSuccessful mistake@ehow 163 of the world's greatest entrepreneurs transform failure into success@zeng
606 0  @a创业@x案例@y世界
690    @aF279.12@v5
701  0 @c(英)@a特纳@9te na@c(Turner, Matthew)@4著
702  0 @a于晓宇@9yu xiao yu@4译
801  0 @aCN@b上海新华@c20180901
905    @b1171720-4@dF279.12@e1641@f5
    
    翻盘:全球163位创业者从失败走向成功的七步法=The successful mistake:how 163 of the world's greatest entrepreneurs transform failure into success/(英)马修·特纳(Matthew Turner)著/于晓宇等译.-北京:机械工业出版社,2018
    25,222页;25cm
    
    
    ISBN 978-7-111-59886-2:CNY59.00
    本书通过对全球不同行业的163位创业权威人士的采访,讲述了他们如何由失败走向成功的故事,最终发现了那些成功人士是如何战胜失败和逆境的,他们不仅要确保失败和逆境不会毁掉他们的生活,而且还要从中产生伟大的想法。
●
相关链接 在E读中查询图书 在五车中查询图书 在当当中查询图书 在豆瓣中查询图书


正题名:翻盘     索取号:F279.12/1641         预约/预借

序号 登录号 条形码 馆藏地/架位号 状态 备注
1 1171720   211717203   第一样本阅览室/ [索取号:F279.12/1641] 在馆    
2 1171721   211717212   第一借阅区/ [索取号:F279.12/1641] 在馆    
3 1171722   211717221   第一借阅区/ [索取号:F279.12/1641] 在馆    
4 1171723   211717230   第一借阅区/ [索取号:F279.12/1641] 在馆    
5 1171724   211717249   密集书库-海洋学院/ [索取号:F279.12/1641] 在馆    
唐山师范学院图书馆 欢迎您!
大连网信软件有限公司© 版权所有